Financial accounting theory: issues and controversies

Guardat en:
Dades bibliogràfiques
Autors principals: Keller, Thomas F (Autor), Zeff, Stephen A (Autor)
Format: Llibre
Idioma:anglès
Publicat: Nueva York McGraw-Hill 1969
Col·lecció:McGraw-Hill Accounting Series
Matèries:
Etiquetes: Afegir etiqueta
Sense etiquetes, Sigues el primer a etiquetar aquest registre!

MARC

LEADER 00000nam a2200000 a 4500
001 UCR9866
003 CL-VaPUC
008 980619e19690000US |||||||||||||||||eng|d
082 0 4 |a 657.48  |b KEL  |2 21 
100 |a Keller, Thomas F  |e author  |9 414707 
700 0 |a Zeff, Stephen A  |e author  |9 412829 
245 1 0 |a Financial accounting theory: issues and controversies 
300 |a 460 p 
942 |c BK 
945 |d 19980619 00:00:00  |a cmena 
260 |a Nueva York  |b McGraw-Hill  |c 1969 
650 0 |a Contabilidad   |9 261430 
650 0 |a Administración financiera  |9 261146 
650 0 |a Auditoría  |9 307008 
650 0 |a Contabilidad de costos   |9 260564 
650 0 |a Estados de cuentas  |9 352305 
650 0 |a Control presupuestario  |9 345693 
650 0 |a Operaciones administrativas  |9 335045 
583 |a last modification  |c 19980619 00:00:00  |k Rodrigo Vera 
490 0 |a McGraw-Hill Accounting Series 
999 |c 271042  |d 271040 
952 |0 0  |1 0  |4 0  |6 657_480000000000000_KEL_1969  |7 0  |8 P  |9 305535  |a BIBGIM  |b BIBGIM  |d 2019-11-20  |i 1422480  |o 657.48 KEL 1969  |p 1422480  |r 2025-01-15  |w 2019-11-20  |y BK  |k COM